Statistics for The first 20 square numbers

Click here to take the quiz!

General Stats

  • This quiz has been taken 264 times
  • The average score is 15 of 20

Answer Stats

Number% Correct
1
100%
4
98%
9
97%
16
96%
25
95%
36
94%
49
93%
64
92%
81
91%
100
89%
121
86%
144
86%
169
80%
196
66%
225
63%
256
50%
289
42%
400
41%
324
33%
361
31%

Score Distribution

Percentile by Number Answered

Percent of People with Each Score

Your Score History

You have not taken this quiz